|
|
|
|
| LEADER |
00821nam a2200193Ia 4500 |
| 001 |
CTU_25136 |
| 008 |
210402s9999 xx 000 0 und d |
| 082 |
|
|
|a 959.7
|
| 082 |
|
|
|b L311/1998
|
| 100 |
|
|
|a Nguyễn Thị Ngọc Lin
|
| 245 |
|
0 |
|a Sự phá sản của chủ nghĩa thực dân mới về kinh tế đối với miền Nam Việt Nam ( 1954 - 1975 )
|
| 245 |
|
0 |
|b Luận văn tốt nghiệp Đại học Sư phạm ngành Sử Khóa 20
|
| 245 |
|
0 |
|c Nguyễn Thị Ngọc Lin
|
| 260 |
|
|
|a Cần Thơ
|
| 260 |
|
|
|b Trường Đại học Cần Thơ, Khoa Sư phạm, Bộ môn Sử
|
| 260 |
|
|
|c 1998
|
| 650 |
|
|
|a vietnam - history - 1954 - 1975
|
| 904 |
|
|
|i Nguyễn Quang Điền, 980915
|
| 980 |
|
|
|a Trung tâm Học liệu Trường Đại học Cần Thơ
|